Holiday Quiz

Random Holiday or Lyrics Quiz

Christmas Carol Bunker Quiz Stats

 Plays Quiz Updated Dec 20, 2018

Support Sporcle.
Go Orange.
Score 0/15 Timer 07:00
6 Plays Today
Clue Answer % Correct
????
100%
????
94.3%
????
89.8%
????
88.7%
????
68.7%
????
65.7%
????
55.1%
????
46.8%
Clue Answer % Correct
????
43.1%
????
36.8%
????
23.9%
????
21%
????
11.8%
????
7.9%
????
4.2%

You're not logged in!

Compare scores with friends on all Sporcle quizzes.
OR
Log In
Forgot?

From the Vault

4 Miscellaneous Foursomes

by sproutcm

You may wish you had a four-leaf clover to help you out.
Remove Ads.
Support Sporcle.
Get the best of Sporcle when you Go Orange. This ad-free experience offers more features, more stats, and more fun while also helping to support Sporcle. Thank you for becoming a member.

Show Comments

Extras

Top Quizzes Today


Score Distribution

Your Account Isn't Verified!

In order to create a playlist on Sporcle, you need to verify the email address you used during registration. Go to your Sporcle Settings to finish the process.

Report this User

Report this user for behavior that violates our Community Guidelines.

Details: